| Tag |
First Indicator |
Second Indicator |
Subfields |
| LEADER |
00000cam a22000001a 4500 |
| 001 |
in00004100620 |
| 005 |
20200117091329.0 |
| 006 |
m d f |
| 007 |
cr bn mmmapmmp |
| 008 |
091109s2009 dcu o f000 0 eng d |
| 035 |
|
|
|a chdc201001126
|
| 040 |
|
|
|a UMI
|c UMI
|d UtOrBLW
|
| 042 |
|
|
|a pcc
|
| 043 |
|
|
|a n-us---
|
| 074 |
|
|
|a 1035-A-01
|
| 086 |
0 |
|
|a Y 4.B 85/2:S.HRG.111-106
|
| 110 |
1 |
|
|a United States.
|b Congress.
|b Senate.
|b Committee on the Budget.
|0 http://id.loc.gov/authorities/names/n78080631
|
| 245 |
1 |
0 |
|a Senate procedures for consideration of the budget resolution/reconciliation :
|b hearing before the Committee on the Budget, United States Senate, One Hundred Eleventh Congress, first session, February 12, 2009, Senate procedures for consideration of the budget resolution/reconciliation.
|
| 264 |
|
1 |
|a Washington :
|b U.S. G.P.O.,
|c 2009.
|
| 264 |
|
2 |
|a Washington :
|b For sale by the Supt. of Docs., U.S. G.P.O.
|
| 300 |
|
|
|a iii, 73 pages, digital, PDF file.
|
| 336 |
|
|
|a text
|b txt
|2 rdacontent
|
| 337 |
|
|
|a computer
|b c
|2 rdamedia
|
| 338 |
|
|
|a online resource
|b cr
|2 rdacarrier
|
| 490 |
1 |
|
|a S. hrg. ;
|v 111-106
|
| 500 |
|
|
|a Shipping list number unavailable.
|
| 500 |
|
|
|a Record is based on bibliographic data in ProQuest Congressional Hearings Digital Collection. Reuse except for individual research requires license from ProQuest, LLC.
|
| 500 |
|
|
|a Electronic resource.
|
| 533 |
|
|
|a Electronic reproduction.
|b [Bethesda, Md.] :
|c ProQuest,
|d 2010.
|e digital, PDF file.
|n ProQuest U.S. Congressional Hearings Digital Collection.
|n Mode of access: World Wide Web via ProQuest website.
|
| 538 |
|
|
|a System requirements: PDF reader software.
|
| 610 |
1 |
0 |
|a United States.
|b Congress.
|b Senate
|x Voting.
|
| 610 |
1 |
0 |
|a United States.
|b Congress
|x Rules and practice
|x Fast-track procedure.
|0 http://id.loc.gov/authorities/subjects/sh97006396
|
| 650 |
|
0 |
|a Budget process
|z United States.
|0 http://id.loc.gov/authorities/subjects/sh2009117761
|
| 776 |
0 |
8 |
|i Print version:
|a United States. Congress. Senate. Committee on the Budget.
|t Senate procedures for consideration of the budget resolution/reconciliation
|w 9780160844553
|w 016084455X
|w (OCoLC)ocn462853483
|z 2009438858
|
| 776 |
0 |
8 |
|i Microfiche version:
|a United States. Congress. Senate. Committee on the Budget.
|t Senate procedures for consideration of the budget resolution/reconciliation
|d [Bethesda, Md.] : ProQuest,[2010]
|o CIS 2010 S251-3
|w (ProQuest)cis01002828
|
| 810 |
1 |
|
|a United States.
|b Congress.
|b Senate.
|t S. hrg. ;
|v 111-106.
|0 http://id.loc.gov/authorities/names/n83707917
|
| 856 |
4 |
0 |
|u http://proxy.library.tamu.edu/login?url=http://search.proquest.com/congcomp/getdoc?HEARING-ID=HRG-2009-BGS-0002
|y Electronic resource (PDF)
|t 0
|
| 998 |
|
|
|a cis01002828
|
| 999 |
f |
f |
|s 972047c3-88a0-3aff-9a65-94ee35392750
|i 2b57da50-02c6-3b17-ab9d-d83dc6b31f1c
|t 0
|
| 952 |
f |
f |
|a Texas A&M University
|b College Station
|c Electronic Resources
|d Available Online
|t 0
|e Y 4.B 85/2:S.HRG.111-106
|h Superintendent of Documents classification
|
| 998 |
f |
f |
|a Y 4.B 85/2:S.HRG.111-106
|t 0
|l Available Online
|